000 00644nam a2200253Ia 4500
003 OSt
005 20221006143918.0
006 a|||||r|||| 00| 0
007 ta
008 221006b |||||||| |||| 00| 0 eng d
020 _c
_26.95
024 _a10,380
037 _cTextual
040 _aEASL
_cEASL
_beng
041 _2eng
_aeng
082 _aW.1, M1
100 _aWESSON Robert
245 0 _aModern governments
_b Three worlds of politics
260 _aEnglewood
_bCliffs Prentice-Hall
_c1981
300 _a414p.
_ccm.
490 _v Oth
942 _hW.1, M1
_cTEXL
_2CC
999 _c1078466
_d1078466